| 000 | 00721nam a2200205 4500 | ||
|---|---|---|---|
| 001 | 136403 | ||
| 003 | ES-MaACL | ||
| 005 | 20251221202652.0 | ||
| 007 | t| | ||
| 008 | 070214s1970 sp r ||||1| spa d | ||
| 100 | 1 |
_aSacher-Masoch, Leopold von, _d1836-1895 _9242637 |
|
| 245 | 1 | 3 |
_aLa venus de las pieles y otros relatos / _cLeopold Sacher-Masoch ; traducción del alemán por Juan Díaz, Salota Trowsky ; prólogo de Emiliano M. Aguilera. |
| 260 |
_aBarcelona : _bIberia, _c1970. |
||
| 300 |
_aXV, 209 p. ; _c18 cm. |
||
| 700 | 1 |
_aDíaz, Juan. _944139 |
|
| 700 | 1 |
_aTrowsky, Salota. _9111527 |
|
| 700 | 1 |
_aAguilera, Emiliano M. _918758 |
|
| 852 |
_aES-MaACL _jC-40394 _bR.75854 |
||
| 999 |
_c136403 _d136403 |
||